00963cam a22002537a 4500001001000000003000500010005001700015008004100032010001000073011001000083035001100093040000900104100003000113245020000143260004100343300002100384502007500405650004300480650004400523650001900567650003400586650002300620856006600643000093821CHAP20220329142954.0050518d2005 mx r 00110 spa d a90287 a91259 a101817 cCHAP00aMéndez López, Raúl.10aDistribución y comportamiento del cultivo de la papa (Solanum tuberosum L.) en México y rentabilidad de la producción en el D.D.R. 007, Motozintla , Chiapas /c/por Raúl Méndez López. aChapingo, Méx. :bEl autor,c2005. a49h. :bcuadros. aTesis (Ing. Agr. Esp. en Bosques) -- División de Ciencias Forestales14aDistrito de riego Motozintla, Chiapas.14aPapaxAspectos económicos -- Chiapas.14aPapaxChiapas.14aPapaxCostos de producción.14aPapaxRendimiento. 3Finding aiduhttp://10.13.5.2/tesis/101817.pdfzTeclea aquí